Henry Huggins / (Record no. 2300)
[ view plain ]
| 000 -LEADER | |
|---|---|
| fixed length control field | 00922cam a22003011 4500 |
| 001 - CONTROL NUMBER | |
| control field | 2300 |
| 003 - CONTROL NUMBER IDENTIFIER | |
| control field | FISKH |
| 005 - DATE AND TIME OF LATEST TRANSACTION | |
| control field | 20231115122706.0 |
| 008 - FIXED-LENGTH DATA ELEMENTS--GENERAL INFORMATION | |
| fixed length control field | 790524s1950 nyua j 000 1 eng |
| 010 ## - LIBRARY OF CONGRESS CONTROL NUMBER | |
| LC control number | 50008615 |
| 020 ## - INTERNATIONAL STANDARD BOOK NUMBER | |
| International Standard Book Number | 9780439239035 |
| 040 ## - CATALOGING SOURCE | |
| Original cataloging agency | DLC |
| Transcribing agency | Ms-C |
| Modifying agency | OCoLC |
| -- | WaChenE |
| -- | DLC |
| Language of cataloging | eng |
| 042 ## - AUTHENTICATION CODE | |
| Authentication code | premarc |
| 050 00 - LIBRARY OF CONGRESS CALL NUMBER | |
| Classification number | PZ7.C5792 |
| Item number | He |
| 082 ## - DEWEY DECIMAL CLASSIFICATION NUMBER | |
| Classification number | 860 |
| 100 1# - MAIN ENTRY--PERSONAL NAME | |
| Personal name | Cleary, Beverly. |
| 245 10 - TITLE STATEMENT | |
| Title | Henry Huggins / |
| Statement of responsibility, etc. | illustrated by Louis Darling |
| 250 ## - EDITION STATEMENT | |
| Edition statement | First Scholastic printing, September 2000 |
| 260 ## - PUBLICATION, DISTRIBUTION, ETC. | |
| Place of publication, distribution, etc. | New York : |
| Name of publisher, distributor, etc. | Scholastic, |
| Date of publication, distribution, etc. | 1950 |
| 300 ## - PHYSICAL DESCRIPTION | |
| Extent | 155 pages : |
| Other physical details | illustrations ; |
| Dimensions | 20 cm |
| 505 ## - FORMATTED CONTENTS NOTE | |
| Formatted contents note | Q<br/> |
| 520 ## - SUMMARY, ETC. | |
| Summary, etc. | When Henry adopts Ribsy, a dog of no particular breed, humorous adventures follow.<br/> |
| 521 8# - TARGET AUDIENCE NOTE | |
| Target audience note | 670<br/> |
| Source | Lexile<br/> |
| 521 8# - TARGET AUDIENCE NOTE | |
| Target audience note | Q<br/> |
| Source | Raz-Plus<br/> |
| 650 ## - SUBJECT ADDED ENTRY--TOPICAL TERM | |
| Topical term or geographic name entry element | Dog |
| Form subdivision | Juvenile literature |
| 906 ## - LOCAL DATA ELEMENT F, LDF (RLIN) | |
| a | 7 |
| b | cbc |
| c | oclcrpl |
| d | u |
| e | ncip |
| f | 19 |
| g | y-gencatlg |
| 942 ## - ADDED ENTRY ELEMENTS (KOHA) | |
| Source of classification or shelving scheme | Dewey Decimal Classification |
| Koha item type | Books |
| Suppress in OPAC | No |
| Withdrawn status | Lost status | Source of classification or shelving scheme | Damaged status | Not for loan | Collection | Home library | Current library | Shelving location | Date acquired | Total Checkouts | Full call number | Barcode | Date due | Date last seen | Date last checked out | Price effective from | Koha item type |
|---|---|---|---|---|---|---|---|---|---|---|---|---|---|---|---|---|---|
| Dewey Decimal Classification | Juvenile Fiction | Footprints International School Library Network Toul Kork Campus | Footprints International School Library Network Toul Kork Campus | TK Primary Library Room(4th Floor), Bookcase 5&6, Shelves 33-56, Orange Books | 11/15/2023 | 1 | CLE 860 PZ7.C5792 | FISTK00531 | 11/25/2025 | 11/11/2025 | 11/11/2025 | 11/15/2023 | Books |
